Franco ante el nuevo horizonte / (Record no. 65259)

MARC details
000 -LEADER
campo de control de longitud fija 00734nam a2200217 i 4500
001 - NÚMERO DE CONTROL
campo de control 65259
003 - IDENTIFICADOR DE NÚMERO DE CONTROL
campo de control ES-MaACL
005 - FECHA Y HORA DE LA ÚLTIMA TRANSACCIÓN
campo de control 20240219213312.0
007 - CAMPO FIJO DE DESCRIPCIÓN FÍSICA--INFORMACIÓN GENERAL
campo de control de longitud fija t|
008 - DATOS DE LONGITUD FIJA--INFORMACIÓN GENERAL
campo de control de longitud fija 040109s1961 sp ||||1| spa d
110 2# - ENTRADA PRINCIPAL--NOMBRE DE ENTIDAD CORPORATIVA
Nombre de entidad corporativa o nombre de jurisdicción como elemento de entrada Movimiento Nacional (España).
Unidad subordinada Delegación Nacional de Prensa, Propaganda y Radio.
9 (RLIN) 5783
245 10 - MENCIÓN DEL TÍTULO
Título Franco ante el nuevo horizonte /
Mención de responsabilidad, etc. Francisco Franco Bahamonde.
260 ## - PUBLICACIÓN, DISTRIBUCIÓN, ETC.
Lugar de publicación, distribución, etc. Madrid :
Nombre del editor, distribuidor, etc. Ediciones del Movimiento,
Fecha de publicación, distribución, etc. [1961]
300 ## - DESCRIPCIÓN FÍSICA
Extensión 44 p. ;
Dimensiones 22 cm.
490 1# - MENCIÓN DE SERIE
Mención de serie Nuevo horizonte
600 14 - PUNTO DE ACCESO ADICIONAL DE MATERIA--NOMBRE DE PERSONA
Nombre de persona Franco Bahamonde, Francisco,
Fechas asociadas al nombre 1892-1975
9 (RLIN) 52240
710 2# - ENTRADA AGREGADA--NOMBRE DE ENTIDAD CORPORATIVA
Nombre de entidad corporativa o nombre de jurisdicción como elemento de entrada Ediciones del Movimiento.
9 (RLIN) 171800
830 1# - PUNTO DE ACCESO ADICIONAL DE SERIE-TÍTULO UNIFORME
Título uniforme Nuevo horizonte
9 (RLIN) 181183
852 ## - LOCALIZACIÓN
Ubicación ES-MaACL
Número de control de estantería 2038-F-14
Holdings
Estatus retirado Estado de pérdida Estado de daño No para préstamo Colección Biblioteca de origen Biblioteca actual Ubicación en estantería Fecha de adquisición Fuente de adquisición Total de préstamos Signatura topográfica completa Código de barras Visto por última vez Precio de reemplazo Tipo de ítem Koha
        Colección de folletos Biblioteca del Ateneo de Madrid Biblioteca del Ateneo de Madrid Depósito folletos 17/01/2008     2038-F-14 1068371 23/02/2023 23/02/2023 Folleto